[Event "SVK-ch U12"]
[Site "Liptovsky Mikulas"]
[Date "2005.04.13"]
[Round "5"]
[White "Sosovicka, Matej"]
[Black "Grisa, Jakub"]
[Result "1-0"]
[WhiteElo "1350"]
[BlackElo "1350"]
[PlyCount "21"]
[EventDate "2005.04.11"]
[EventType "swiss"]
[EventRounds "9"]
[EventCountry "SVK"]
[SourceTitle "EXT 2008"]
[Source "ChessBase"]
[SourceDate "2007.11.25"]
[SourceVersion "1"]
[SourceVersionDate "2007.11.25"]
[SourceQuality "1"]

1. e4 e5 2. Nf3 Nc6 3. Bc4 f6 4. 0-0 Bc5 5. c3 d6 6. d4 exd4 7. cxd4 Bxd4 8. Nxd4 Nxd4 9. Qxd4 c5 10. Qd5 Bd7 11. Qf7# 1-0

[Event "SVK-ch U12"]
[Site "Liptovsky Mikulas"]
[Date "2005.04.12"]
[Round "2"]
[White "Janousek, Michal"]
[Black "Grisa, Jakub"]
[Result "1-0"]
[WhiteElo "1425"]
[BlackElo "1350"]
[PlyCount "27"]
[EventDate "2005.04.11"]
[EventType "swiss"]
[EventRounds "9"]
[EventCountry "SVK"]
[SourceTitle "EXT 2008"]
[Source "ChessBase"]
[SourceDate "2007.11.25"]
[SourceVersion "1"]
[SourceVersionDate "2007.11.25"]
[SourceQuality "1"]

1. e4 e5 2. Nf3 Nc6 3. Bc4 Bc5 4. 0-0 Nf6 5. Nc3 d6 6. d3 0-0 7. Bg5 Qe7 8. Nd5 Qd8 9. Nxf6+ gxf6 10. Bh6 Re8 11. Nh4 Rf8 12. Bxf8 Kxf8 13. Qh5 Ke7 14. Qxf7# 1-0